Catálogo público

El presupuesto de bienes de capital : la toma de decisiones / (Record no. 177799)

MARC details
000 -CABECERA
campo de control de longitud fija 01225nam a2200337Ia 4500
001 - NÚMERO DE CONTROL
campo de control dia_6321
003 - IDENTIFICADOR DEL NÚMERO DE CONTROL
campo de control CHAP
005 - FECHA Y HORA DE LA ÚLTIMA TRANSACCIÓN
campo de control 20251021155221.0
008 - DATOS DE LONGITUD FIJA--INFORMACIÓN GENERAL
campo de control de longitud fija 220117s1977 xx 000 0 und d
010 ## - NÚMERO DE CONTROL DE LA BIBLIOTECA DEL CONGRESO
Número de control de LC 177799
040 ## - FUENTE DE LA CATALOGACIÓN
Centro/agencia transcriptor CHAP
082 ## - NÚMERO DE LA CLASIFICACIÓN DECIMAL DEWEY
Número de clasificación 658.152 B54 1977
100 ## - ENTRADA PRINCIPAL--NOMBRE DE PERSONA
Nombre de persona Bierman, Harold
9 (RLIN) 162202
245 ## - MENCIÓN DE TÍTULO
Título El presupuesto de bienes de capital : la toma de decisiones /
Mención de responsabilidad, etc. Harold Bierman y Seymour Smidt ; traducción Eduardo L. Suárez
260 ## - PUBLICACIÓN, DISTRIBUCIÓN, ETC.
Lugar de publicación, distribución, etc. México :
Nombre del editor, distribuidor, etc. Fondo de Cultura Económica,
Fecha de publicación, distribución, etc. 1977
300 ## - DESCRIPCIÓN FÍSICA
Extensión 462 p.
440 #0 - MENCIÓN DE SERIE/PUNTO DE ACCESO ADICIONAL--TÍTULO
Título Sección de Obras de Economía (Fondo de Cultura Económica)
9 (RLIN) 103503
500 ## - NOTA GENERAL
Nota general Título original: The capital budgeting decision: economic analysis and financing of investment projects
503 ## - NOTA DE HISTORIA BIBLIOGRÁFICA (BK CF MU) [OBSOLETO]
Nota de historia bibliográfica D.
590 ## - NOTA LOCAL (RLIN)
Nota local HD52 B54 1977
650 ## - PUNTO DE ACCESO ADICIONAL DE MATERIA--TÉRMINO DE MATERIA
Término de materia o nombre geográfico como elemento de entrada Capital budget
9 (RLIN) 162203
650 ## - PUNTO DE ACCESO ADICIONAL DE MATERIA--TÉRMINO DE MATERIA
Término de materia o nombre geográfico como elemento de entrada Capital investments
9 (RLIN) 162204
650 ## - PUNTO DE ACCESO ADICIONAL DE MATERIA--TÉRMINO DE MATERIA
Término de materia o nombre geográfico como elemento de entrada Inversiones de capital
9 (RLIN) 162205
650 ## - PUNTO DE ACCESO ADICIONAL DE MATERIA--TÉRMINO DE MATERIA
Término de materia o nombre geográfico como elemento de entrada Presupuestos de gastos de capital
9 (RLIN) 162206
700 ## - PUNTO DE ACCESO ADICIONAL--NOMBRE DE PERSONA
Nombre de persona Smidt, Seymour, coaut.
9 (RLIN) 153987
700 ## - PUNTO DE ACCESO ADICIONAL--NOMBRE DE PERSONA
Nombre de persona Suárez, Eduardo L., tr.
9 (RLIN) 138931
901 ## - ELEMENTOS DE DATOS A LOCAL LDA (RLIN)
a 658.152 B54 1977
902 ## - ELEMENTOS DE DATOS B LOCAL, LDB (RLIN)
a A
905 ## - ELEMENTOS DE DATOS E LOCAL, LDE (RLIN)
a 5232271977 mx mn 8222223322spa16
942 ## - ELEMENTOS DE PUNTO DE ACCESO ADICIONAL (KOHA)
Tipo de ítem Koha Libro
Fuente del sistema de clasificación o colocación Dewey Decimal Classification
Holdings
Estado de retiro Estado de pérdida Fuente del sistema de clasificación o colocación Estado dañado No para préstamo Código de colección Localización permanente Ubicación/localización actual Ubicación en estantería Fecha de adquisición Información codificada de la localización en otra ubicación Total de préstamos Código de barras Fecha visto por última vez Número de copia Precio válido a partir de Tipo de ítem Koha
    Dewey Decimal Classification     General Ingenieria Agroindustrial Ingenieria Agroindustrial   18/01/2022 1   dia_001824 18/01/2022 1 18/01/2022 Libro